000 00892cab a2200289 4500
001 X87423
008 090401t1997 xxu||||| |||| 00| 0 eng d
035 _a(Sirsi) u81820
041 _aeng
100 _aCatalano, A.
245 _aQuote checks
260 _c1997
350 _a0
490 _aEstates Gazette
_v(9742) 18 October 1997, 66-69(3)
520 _aAnalyses the profits, turnover and share price performances on the stock market of six property agents, DTZ, Chesterton, Conrad Ritblat, Fletcher King, Lambert Smith Hampton and Savills.
650 _aCHESTERTON
650 _aCONRAD RITBLAT
650 _aDTZ
650 _aFLETCHER KING
650 _aLAMBERT SMITH HAMPTON
650 _aPROPERTY COMPANIES
650 _aSAVILLS
650 _aSTOCK MARKET
690 _aMANAGEMENT-BUSINESS MANAGEMENT-PROFESSIONAL PRACTICE
942 _n0
948 _c30/10/1997
999 _c51594
_d51594